01006cas a2200289 i 4500001001000000003000900010005001700019007000300036008004100039040003300080041000800113043000900121245003500130264008100165300004100246310001400287336002900301337003500330338003000365362004600395500003600441500007500477500003700552650004400589650004100633700004200674000031174DO-SdBNP20260225151256.0ta110614c1931 dr ur1p|r || z0spa d aDO-SdBNPbspacDO-SdBNPerda hspa anwdr00aFémina :brevista ilustrada. aSan Pedro de Macoris, República Dominicana :bPetronila A. Gómez,c1931. avolumen : bilustraciones ; c23 cm. aIrregular atexto btxt 2rdacontent asin mediacion bn 2rdacarrier avolumen bnc 2rdacarrier0 aAño 9, no.142-43 (Julio/agosto, 1931-). aTítulo tomado de la cubierta. aCatalogación basada en el: Año 9, no.142-43 (Julio/agosto, 1931-). aDirectora: Petronila A. Gómez. 4aLiteraturavPublicaciones periódicas  4aCulturavPublicaciones periódicas  aGómez, Petronila Angelicaedirector